000 00886cam a2200229 4500
001 WB3701-07
008 000000n2000 000 0 eng u
035 _a(Sirsi) u110028
245 _aTimber frame's climate threat
260 _c2000
490 _aConstruction News
_v(6696) 14 December 2000, 4(1)
520 _a"Potential implications of climate change in the built environment", a report by the Foundation for the Built Environment, has warned that timber frame construction could be a major casualty of global warming and that the construction industry may have to abandon current standard practice.
590 _aWB
650 _aGLOBAL WARMING
650 _aCLIMATE CHANGE
650 _aTIMBER FRAME CONSTRUCTION
650 _aCONSTRUCTION PROCESS
650 _aPLASTERBOARD
650 _aFLOODING
690 _aBUILT ENVIRONMENT-BUILDING MATERIALS
942 _n0
999 _c65630
_d65630